[Event "Olimpiade 2014 - Open"]
[Site "Tromsø"]
[Date "11.08.2014"]
[Round "9.36"]
[Board "3"]
[White "Valenzuela Fuentealba, Luis"]
[Black "Kosic, Dragan"]
[Result "1/2-1/2"]
[WhiteTitle "IM"]
[BlackTitle "GM"]
[WhiteElo "2455"]
[BlackElo "2486"]
[WhiteTeam "Chile"]
[BlackTeam "Montenegro"]
[WhiteFideId "3401294"]
[BlackFideId "900290"]
[EventDate "2014.08.02"]

1. d4 Nf6 2. Nf3 e6 3. c4 Bb4+ 4. Bd2 Qe7 5. g3 Bxd2+ 6. Qxd2 Nc6 7. Nc3 d5 8.
cxd5 exd5 9. Bg2 O-O 10. O-O h6 11. Qf4 Re8 12. Rac1 a6 13. Rfe1 Qd6 14. Qxd6
cxd6 15. e3 Bd7 16. Red1 Ne7 17. Ne1 Rac8 18. Nd3 g5 19. Nb4 Be6 20. a3 Kg7 21.
h3 h5 22. Nd3 Rc4 23. b3 Rc6 24. Nb4 Rc7 25. Ne2 Rec8 26. Rxc7 Rxc7 27. Rc1
Rxc1+ 28. Nxc1 Ne4 29. Kf1 a5 30. Nba2 Nc8 31. Ke1 Nb6 1/2-1/2

[Event "Olimpiade 2014 - Open"]
[Site "Tromsø"]
[Date "11.08.2014"]
[Round "9.36"]
[Board "4"]
[White "Nikcevic, Nebojsa"]
[Black "Salinas Herrera, Pablo"]
[Result "1-0"]
[WhiteTitle "GM"]
[BlackTitle "FM"]
[WhiteElo "2427"]
[BlackElo "2398"]
[WhiteTeam "Montenegro"]
[BlackTeam "Chile"]
[WhiteFideId "901776"]
[BlackFideId "3407128"]
[EventDate "2014.08.02"]

1. d4 d5 2. Nf3 Nf6 3. c4 c6 4. Nc3 e6 5. g3 Nbd7 6. Bg2 dxc4 7. O-O b5 8. e4
Bb7 9. e5 Nd5 10. Ng5 Be7 11. Qh5 g6 12. Qh6 Bf8 13. Qh3 Qb6 14. Be3 Be7 15.
Nce4 Qd8 16. Nd6+ Bxd6 17. exd6 N7f6 18. Nxe6 Qxd6 19. Nc5 Bc8 20. Qh6 Ng4 21.
Qg7 Qf8 22. Qxf8+ Kxf8 23. Bd2 Kg7 24. a4 Rd8 25. axb5 cxb5 26. Ra5 a6 27. Rfa1
Rb8 28. Nxa6 Bxa6 29. Rxa6 Ngf6 30. R1a5 Nc7 31. Rc6 Ne6 32. Ra7 Nxd4 33. Bh6+
Kxh6 34. Rxf6 Ne2+ 35. Kf1 Nc1 36. Be4 Rd1+ 37. Kg2 Rf8 38. Rfxf7 Rxf7 39. Rxf7
Nd3 40. Bxd3 Rxd3 41. Rf3 Rxf3 42. Kxf3 b4 43. Ke4 Kg5 44. f3 c3 45. bxc3 bxc3
46. Kd3 Kf5 47. Kxc3 Ke6 48. Kd4 Kd6 49. Ke4 Ke6 50. f4 Kf6 51. g4 Ke6 52. h3
Kf7 53. Ke5 Ke7 54. g5 Kf7 55. Kd6 Kf8 56. Ke6 Ke8 57. Kf6 Kf8 58. h4 Kg8 59.
Ke7 Kg7 60. h5 gxh5 1-0

[Event "Olimpiade 2014 - Open"]
[Site "Tromsø"]
[Date "11.08.2014"]
[Round "9.37"]
[Board "1"]
[White "Nedev, Trajko"]
[Black "Ladva, Ottomar"]
[Result "1/2-1/2"]
[WhiteTitle "GM"]
[BlackTitle "FM"]
[WhiteElo "2484"]
[BlackElo "2387"]
[WhiteTeam "FYROM"]
[BlackTeam "Estonia"]
[WhiteFideId "15000605"]
[BlackFideId "4500024"]
[EventDate "2014.08.02"]

1. e4 c5 2. Nf3 e6 3. Nc3 a6 4. d4 cxd4 5. Nxd4 Nc6 6. Be3 Nf6 7. Qd2 e5 8. Nf5
d5 9. exd5 Nb4 10. Ng3 Nfxd5 11. Nxd5 Qxd5 12. Qxd5 Nxd5 13. Bd2 Be6 14. a3 f5
15. Bc4 g6 16. O-O-O Rc8 17. Bxd5 Bxd5 18. f3 Kf7 19. Rhe1 Bg7 20. Bc3 Rxc3 21.
bxc3 Be6 22. Ne2 Rc8 23. Kb2 Rc5 24. a4 Ra5 25. Rd6 Bf8 26. Rb6 Bd5 27. Rd1 Bc6
28. Rxb7+ Bxb7 29. Rd7+ Be7 30. Rxb7 Rxa4 31. Kb3 Ra1 32. Kb2 Re1 33. Nc1 e4 34.
fxe4 fxe4 35. c4 e3 36. Nd3 Rd1 37. Nf4 g5 38. Nd5 Rxd5 39. cxd5 e2 40. d6 e1=Q
41. Rxe7+ Qxe7 42. dxe7 Kxe7 43. Kb3 Kd6 44. Kb4 Kc6 45. g4 Kb6 46. Kc4 Kc6 47.
Kb4 h6 48. Ka5 Kb7 49. Kb4 Kb6 50. Kc4 Kc6 51. Kb4 Kb6 52. Kc4 Kc6 53. Kb4 Kb6
54. Kc4 1/2-1/2

[Event "Olimpiade 2014 - Open"]
[Site "Tromsø"]
[Date "11.08.2014"]
[Round "9.37"]
[Board "2"]
[White "Seeman, Tarvo"]
[Black "Colovic, Aleksandar"]
[Result "1-0"]
[WhiteTitle "IM"]
[BlackTitle "GM"]
[WhiteElo "2392"]
[BlackElo "2487"]
[WhiteTeam "Estonia"]
[BlackTeam "FYROM"]
[WhiteFideId "4500547"]
[BlackFideId "15000729"]
[EventDate "2014.08.02"]

1. Nf3 d5 2. g3 c6 3. Bg2 Bg4 4. c4 e6 5. cxd5 Bxf3 6. Bxf3 cxd5 7. O-O Nc6 8.
d4 Nf6 9. Nc3 Be7 10. e3 O-O 11. Bd2 Qd7 12. Qe2 Rfc8 13. Rfd1 Ne8 14. Be1 Nd6
15. Kh1 f5 16. g4 Ne4 17. gxf5 exf5 18. Rac1 Rf8 19. Bg2 Bf6 20. a4 a6 21. b4
Kh8 22. b5 Ne7 23. Qb2 Bh4 24. f4 Bxe1 25. Rxe1 Ng8 26. Nxe4 fxe4 27. Rc5 Nf6
28. b6 Qxa4 29. Bh3 Qe8 30. Rc7 Rf7 31. Rec1 Rd8 32. Qg2 a5 33. Qg5 a4 34. Qe5
Qf8 35. Qe6 Rfd7 36. Qe5 Rd6 37. Rxb7 a3 38. Ra1 Rc6 39. Be6 Re8 40. f5 Ng4 41.
Qf4 Nf6 42. Rf7 Qd6 43. Qg5 Rg8 44. Rxf6 Qd8 45. Rg1 a2 46. Bxg8 Qxf6 47. Qxf6
Rxf6 48. Be6 1-0

[Event "Olimpiade 2014 - Open"]
[Site "Tromsø"]
[Date "11.08.2014"]
[Round "9.37"]
[Board "3"]
[White "Pancevski, Filip"]
[Black "Vovk, Ilja"]
[Result "1-0"]
[WhiteTitle "IM"]
[BlackTitle "FM"]
[WhiteElo "2464"]
[BlackElo "2289"]
[WhiteTeam "FYROM"]
[BlackTeam "Estonia"]
[WhiteFideId "15002187"]
[BlackFideId "4501764"]
[EventDate "2014.08.02"]

1. e4 c5 2. Nf3 a6 3. Nc3 e6 4. d4 cxd4 5. Nxd4 b5 6. Bd3 Qb6 7. Nb3 Qc7 8. O-O
d6 9. f4 Nd7 10. Qf3 Ngf6 11. a3 Bb7 12. Qh3 Be7 13. Bd2 e5 14. Kh1 O-O 15. Rae1
Rae8 16. fxe5 Nxe5 17. Nd4 Bd8 18. Nf5 Bc8 19. Bg5 Kh8 20. Qg3 Nh5 21. Qh4 Bxg5
22. Qxg5 Bxf5 23. Nd5 Qd8 24. Qxf5 Qh4 25. Qf2 Qxf2 26. Rxf2 Rc8 27. Kg1 g6 28.
Rd1 Ng7 29. Nb4 Ra8 30. Bf1 Ne8 31. Rfd2 Nd7 32. Be2 Nc5 33. Bf3 Rc8 34. Re2 f6
35. Bg4 Rc7 36. Nd5 Ra7 37. b4 Na4 38. Rd4 h5 39. Bf3 Nb2 40. Re1 Nc4 41. a4 Ne5
42. Ra1 bxa4 43. Rxa4 Nc7 44. Nc3 Rd8 45. Rd1 Rb7 46. Be2 Rb6 47. Nd5 Nxd5 48.
exd5 Rc8 49. Rc1 Nc4 50. Kf2 f5 51. c3 Kg7 52. Bxc4 Rxc4 53. Ke3 Kf6 54. Kd3 Re4
55. Rca1 Ke5 56. Rxa6 Rxa6 57. Rxa6 Kxd5 58. c4+ Ke5 59. b5 Re1 60. Ra2 Kf6 61.
Rb2 Re7 62. Kd4 Rb7 63. Kd5 Rb6 64. Re2 f4 65. Re6+ Kf5 66. Rxd6 Rb8 67. b6 g5
68. c5 g4 69. c6 f3 70. gxf3 gxf3 71. c7 Re8 72. b7 1-0

[Event "Olimpiade 2014 - Open"]
[Site "Tromsø"]
[Date "11.08.2014"]
[Round "9.37"]
[Board "4"]
[White "Jezov, Roman"]
[Black "Bogdanovski, Vlatko"]
[Result "0-1"]
[BlackTitle "GM"]
[WhiteElo "2239"]
[BlackElo "2426"]
[WhiteTeam "Estonia"]
[BlackTeam "FYROM"]
[WhiteFideId "4502078"]
[BlackFideId "15000206"]
[EventDate "2014.08.02"]

1. e4 c6 2. d4 d5 3. Nc3 dxe4 4. Nxe4 Bf5 5. Ng3 Bg6 6. h4 h6 7. Nf3 Nd7 8. h5
Bh7 9. Bd3 Bxd3 10. Qxd3 e6 11. Bf4 Qa5+ 12. Bd2 Bb4 13. Ne4 Ngf6 14. Nd6+ Ke7
15. Nc4 Bxd2+ 16. Nfxd2 Qc7 17. O-O-O Rhd8 18. Qa3+ c5 19. Nb3 b6 20. dxc5 Nxc5
21. Nxc5 Qxc5 22. Qxc5+ bxc5 23. Ne5 Rd5 24. f4 Rc8 25. c4 Rxd1+ 26. Rxd1 Rc7
27. g4 Nd7 28. Nxd7 Rxd7 29. Rxd7+ Kxd7 30. Kd2 a5 31. Kd3 Ke7 32. g5 f5 33.
gxf6+ Kxf6 34. Ke4 g6 35. hxg6 h5 36. b3 Kxg6 37. Ke5 Kf7 38. f5 h4 39. fxe6+
Ke7 40. Kf4 Kxe6 41. Kg4 Ke5 42. Kxh4 Kd4 43. Kg4 Kc3 44. Kf4 Kb2 45. Ke4 Kxa2
46. Kd5 Kxb3 47. Kxc5 a4 48. Kb5 a3 49. c5 a2 50. Kb6 a1=Q 51. c6 Qa8 52. Kc7
Kb4 53. Kd7 Kc5 0-1

[Event "Olimpiade 2014 - Open"]
[Site "Tromsø"]
[Date "11.08.2014"]
[Round "9.38"]
[Board "1"]
[White "Kurukulasuriya, Prasanna"]
[Black "Abdulla, Al-Rakib"]
[Result "1/2-1/2"]
[WhiteTitle "FM"]
[BlackTitle "GM"]
[WhiteElo "2063"]
[BlackElo "2522"]
[WhiteTeam "Sri Lanka"]
[BlackTeam "Bangladesh"]
[WhiteFideId "9901248"]
[BlackFideId "10200444"]
[EventDate "2014.08.02"]

1. e4 e5 2. Nf3 Nc6 3. Bb5 a6 4. Ba4 Nf6 5. O-O Be7 6. Re1 b5 7. Bb3 d6 8. c3
O-O 9. h3 a5 10. d4 a4 11. Bc2 Bd7 12. Nbd2 Re8 13. Nf1 h6 14. Ng3 Bf8 15. Nh2
g6 16. a3 Na5 17. f4 Nc4 18. Re2 Bg7 19. Bd3 Na5 20. Be3 Nb3 21. Rb1 c5 22. d5
exf4 23. Bxf4 Qb6 24. Kh1 Re7 25. Qf1 Nh7 26. Qf2 Rb8 27. Nf3 Nf6 28. Rd1 c4 29.
Qxb6 Rxb6 30. Bc2 Ne8 31. e5 1/2-1/2

[Event "Olimpiade 2014 - Open"]
[Site "Tromsø"]
[Date "11.08.2014"]
[Round "9.38"]
[Board "2"]
[White "Hossain, Enamul"]
[Black "Galappaththi, Chinthaka Anuruddh"]
[Result "1/2-1/2"]
[WhiteTitle "GM"]
[BlackTitle "CM"]
[WhiteElo "2421"]
[BlackElo "2125"]
[WhiteTeam "Bangladesh"]
[BlackTeam "Sri Lanka"]
[WhiteFideId "10200649"]
[BlackFideId "9900438"]
[EventDate "2014.08.02"]

1. e4 e6 2. Qe2 e5 3. Nf3 Nc6 4. g3 Bc5 5. Bg2 d6 6. c3 a6 7. d3 Bg4 8. Nbd2 Nf6
9. h3 Be6 10. Nf1 O-O 11. Be3 h6 12. Bxc5 dxc5 13. Ne3 Qd7 14. Nc4 Bxc4 15. dxc4
Rad8 16. Nd2 Qd3 17. Nf1 Qxe2+ 18. Kxe2 Rd6 19. Rd1 Rfd8 20. Rxd6 Rxd6 21. Ne3
Kf8 22. Rc1 Rd8 23. h4 g6 24. Rf1 Kg7 25. Rg1 b6 26. Rc1 Re8 27. Bh3 Rd8 28. Bg2
Re8 29. Kd3 Rd8+ 30. Kc2 Na5 31. Re1 Nb7 32. Nf1 Nd6 33. Nd2 Re8 34. Bf3 1/2-1/2

[Event "Olimpiade 2014 - Open"]
[Site "Tromsø"]
[Date "11.08.2014"]
[Round "9.38"]
[Board "3"]
[White "Perera, W C C"]
[Black "Minhazuddin, Ahmed"]
[Result "0-1"]
[WhiteTitle "CM"]
[BlackTitle "IM"]
[WhiteElo "2081"]
[BlackElo "2418"]
[WhiteTeam "Sri Lanka"]
[BlackTeam "Bangladesh"]
[WhiteFideId "9902600"]
[BlackFideId "10201955"]
[EventDate "2014.08.02"]

1. d4 Nf6 2. c4 e6 3. Nf3 Bb4+ 4. Bd2 Qe7 5. g3 Nc6 6. Nc3 Bxc3 7. Bxc3 Ne4 8.
Rc1 O-O 9. Bg2 d6 10. O-O Nxc3 11. Rxc3 a5 12. d5 Nb8 13. dxe6 fxe6 14. Nd4 c6
15. Qd2 Nd7 16. e4 Nc5 17. Nc2 e5 18. Ne3 Be6 19. b3 g6 20. Rd1 Rad8 21. Rc2 Qc7
22. Qc3 Bc8 23. Rcd2 h5 24. h4 Bg4 25. Re1 Rf6 26. f4 Rdf8 27. f5 gxf5 28. exf5
Bxf5 29. Nxf5 Rxf5 30. Qe3 R5f6 31. Red1 Rg6 32. Kh2 Rff6 33. Bf3 Rh6 34. Rg1
Qf7 35. Bd1 Kf8 36. Rf1 Ke7 37. Rdf2 Rxf2+ 38. Rxf2 Rf6 39. Rxf6 Qxf6 40. Bxh5
e4 41. Bg4 b6 42. Kg2 d5 43. cxd5 cxd5 44. Qf2 Qxf2+ 45. Kxf2 Kf6 46. Bh5 d4 47.
g4 Nd3+ 48. Kf1 Nf4 49. g5+ Kf5 50. Be8 e3 51. Bd7+ Ke4 52. Bc6+ Kd3 53. Ke1 e2 0-1

[Event "Olimpiade 2014 - Open"]
[Site "Tromsø"]
[Date "11.08.2014"]
[Round "9.38"]
[Board "4"]
[White "Murshed, Niaz"]
[Black "Alahakoon, Isuru"]
[Result "1-0"]
[WhiteTitle "GM"]
[WhiteElo "2453"]
[BlackElo "2120"]
[WhiteTeam "Bangladesh"]
[BlackTeam "Sri Lanka"]
[WhiteFideId "10200010"]
[BlackFideId "9900993"]
[EventDate "2014.08.02"]

1. c4 f5 2. Nf3 Nf6 3. g3 d6 4. d4 e6 5. Bg2 Be7 6. O-O O-O 7. Nc3 Ne4 8. Nxe4
fxe4 9. Ne1 d5 10. Nc2 Nc6 11. Bf4 Bd7 12. Qd2 Bf6 13. Rac1 Be8 14. Rfd1 Qe7 15.
Bh3 dxc4 16. Qc3 b5 17. Bg2 Bg6 18. Qe3 e5 19. dxe5 Nxe5 20. Bxe4 Rae8 21. b3
Bf7 22. Bd5 Bxd5 23. Rxd5 c6 24. Rdd1 Qf7 25. bxc4 Nxc4 26. Qf3 Qe6 27. Qb3 Qe4
28. Ne3 Bb2 29. Rxc4 bxc4 30. Qxb2 Rd8 31. Rc1 Rd4 32. f3 c3 33. Qxc3 1-0

[Event "Olimpiade 2014 - Open"]
[Site "Tromsø"]
[Date "11.08.2014"]
[Round "9.39"]
[Board "1"]
[White "Batchuluun, Tsegmed"]
[Black "Iturrizaga Bonelli, Eduardo"]
[Result "0-1"]
[WhiteTitle "GM"]
[BlackTitle "GM"]
[WhiteElo "2513"]
[BlackElo "2653"]
[WhiteTeam "Mongolia"]
[BlackTeam "Venezuela"]
[WhiteFideId "4900847"]
[BlackFideId "3901211"]
[EventDate "2014.08.02"]

1. d4 g6 2. e4 Bg7 3. c4 d6 4. Nc3 Nc6 5. Be3 Nf6 6. f3 O-O 7. Nge2 a6 8. Qd2
Rb8 9. h4 b5 10. h5 e5 11. d5 Na5 12. Ng3 Nxc4 13. Bxc4 bxc4 14. O-O-O Nd7 15.
hxg6 fxg6 16. Qe2 Nb6 17. Nf1 Bd7 18. Kb1 Na4 19. Nxa4 Bxa4 20. Rc1 Bb5 21. Rc3
c6 22. Qd2 Rf7 23. dxc6 Bxc6 24. Bg5 Qd7 25. Ne3 d5 26. exd5 e4 27. fxe4 Ba8 28.
Ka1 Qe8 29. Rh4 Qe5 30. Bh6 Qg3 31. Rh3 Bxc3 32. Qxc3 Qf2 33. Rh1 Qe2 34. Re1
Qh5 35. Nf5 Rd8 36. Qa5 Rb8 37. Nd6 Qxh6 38. Nxf7 Qg7 39. Nh6+ Qxh6 40. Qxa6 Qg7
41. Qe6+ Qf7 42. Qa6 Re8 43. Rd1 c3 44. bxc3 Qc7 45. Qd3 Qe5 46. Rb1 Kg7 47. Rb4
h5 48. g3 g5 49. Kb2 g4 50. Qb5 Rf8 51. Qd7+ Rf7 52. Qd8 Bb7 53. a4 Kh7 54. Kb3
Rc7 55. Rc4 Rxc4 56. Kxc4 Qxe4+ 57. Kc5 Qxd5+ 58. Qxd5 Bxd5 59. Kxd5 h4 60. gxh4
g3 0-1

[Event "Olimpiade 2014 - Open"]
[Site "Tromsø"]
[Date "11.08.2014"]
[Round "9.39"]
[Board "2"]
[White "Ynojosa Aponte, Felix Jose"]
[Black "Battulga, Namkhai"]
[Result "1-0"]
[WhiteTitle "IM"]
[BlackTitle "IM"]
[WhiteElo "2448"]
[BlackElo "2411"]
[WhiteTeam "Venezuela"]
[BlackTeam "Mongolia"]
[WhiteFideId "3900258"]
[BlackFideId "4900880"]
[EventDate "2014.08.02"]

1. Nf3 d5 2. c4 c6 3. e3 Nf6 4. Nc3 Nbd7 5. d4 e6 6. Qc2 Bd6 7. Bd3 O-O 8. O-O
Qe7 9. c5 Bc7 10. e4 dxe4 11. Nxe4 Nxe4 12. Bxe4 h6 13. Bh7+ Kh8 14. Bd3 Nf6 15.
a4 a5 16. Bd2 Nd5 17. Rfe1 b6 18. cxb6 Bxb6 19. Qxc6 Bb7 20. Qc1 Rac8 21. Qd1
Nf6 22. Bc3 Rfd8 23. Rc1 Rd6 24. Ne5 Bxd4 25. Bxd4 Rxd4 26. Rxc8+ Bxc8 27. Nc6
Qd6 28. Nxd4 Qxd4 29. Bg6 Qb6 30. Bxf7 Bb7 31. Bg6 Bd5 32. Qd2 Ng4 33. h3 Nf6
34. Rc1 Bb7 35. Qd3 Ba6 36. Qc3 Bb7 37. Qc7 1-0

[Event "Olimpiade 2014 - Open"]
[Site "Tromsø"]
[Date "11.08.2014"]
[Round "9.39"]
[Board "3"]
[White "Gundavaa, Bayarsaikhan"]
[Black "Guerrero Vargas, Andres"]
[Result "1-0"]
[WhiteTitle "GM"]
[BlackTitle "FM"]
[WhiteElo "2501"]
[BlackElo "2318"]
[WhiteTeam "Mongolia"]
[BlackTeam "Venezuela"]
[WhiteFideId "4901045"]
[BlackFideId "3902048"]
[EventDate "2014.08.02"]

1. d4 Nf6 2. c4 e6 3. Nc3 Bb4 4. Qc2 O-O 5. Nf3 d5 6. cxd5 exd5 7. Bg5 h6 8. Bh4
c6 9. e3 Nbd7 10. Bd3 Re8 11. O-O Bd6 12. Rfe1 Nf8 13. Bxf6 Qxf6 14. e4 Bc7 15.
Nxd5 Bxh2+ 16. Kxh2 cxd5 17. exd5 Rd8 18. Be4 Bg4 19. Ne5 Rac8 20. Qd3 h5 21.
Kg1 Nd7 22. f3 Nxe5 23. dxe5 Qb6+ 24. Qe3 Qxe3+ 25. Rxe3 Bd7 26. Kf2 Rc5 27. Rc3
Rxc3 28. bxc3 Re8 29. f4 g5 30. Ke3 gxf4+ 31. Kd4 b5 32. Rf1 Rc8 33. Bd3 Rd8 34.
Rxf4 Bc6 35. Be4 Bb7 36. d6 Bc8 37. Bd5 1-0

[Event "Olimpiade 2014 - Open"]
[Site "Tromsø"]
[Date "11.08.2014"]
[Round "9.39"]
[Board "4"]
[White "Castro, Jose Luis"]
[Black "Munkhgal, Gombosuren"]
[Result "1/2-1/2"]
[WhiteTitle "FM"]
[BlackTitle "IM"]
[WhiteElo "2313"]
[BlackElo "2418"]
[WhiteTeam "Venezuela"]
[BlackTeam "Mongolia"]
[WhiteFideId "3901831"]
[BlackFideId "4901266"]
[EventDate "2014.08.02"]

1. e4 e6 2. d4 d5 3. Nd2 c5 4. exd5 Qxd5 5. Ngf3 cxd4 6. Bc4 Qd6 7. Qe2 Nc6 8.
Nb3 Nf6 9. Bg5 a6 10. O-O-O b5 11. Bd3 Bd7 12. Kb1 Be7 13. Rhe1 Rc8 14. g3 Nd5
15. Bxe7 Qxe7 16. Nfxd4 Nxd4 17. Nxd4 Qb4 18. Nb3 O-O 19. a3 Qd6 20. Qe4 g6 21.
h4 Bc6 22. Qd4 Rfe8 23. f4 Qf8 24. h5 Qg7 25. hxg6 hxg6 26. Re5 Red8 27. Rg1 Nf6
28. Qb4 Bd5 29. g4 Bc4 30. Be4 Nd7 31. Rg5 Nb6 32. Nc5 Rd4 33. Qa5 Na4 34. Nxa4
bxa4 35. Re1 Rcd8 36. Bf3 Rb8 37. Rge5 Rxf4 38. Qc7 Rf8 39. R5e3 Qf6 40. Qb7 Kg7
41. Be2 Bd5 42. Qc7 Rh8 43. Bxa6 Rxg4 44. Bb5 Qf4 45. Qa7 Qd4 46. Qxd4+ Rxd4 47.
Rc1 Rh2 48. Re2 Rxe2 49. Bxe2 g5 50. Bb5 g4 51. c4 Be4+ 52. Ka2 g3 53. c5 g2 54.
c6 Bd5+ 55. Kb1 Be4+ 56. Ka1 Bc2 57. c7 Rd1 58. Rxd1 Bxd1 59. c8=Q g1=Q 60. Qc3+
f6 61. Qc1 Qg4 62. Qc7+ Kh6 63. Qd8 Kg5 64. Qd2+ Kg6 65. Be8+ Kg7 66. Qd7+ Kh8
67. Qd8 Kh7 68. Qd7+ Kh6 69. Qd2+ Kg7 70. Qd7+ Kh8 71. Qd8 Kh7 72. Qd7+ Kh6 73.
Qd2+ Kg7 1/2-1/2

[Event "Olimpiade 2014 - Open"]
[Site "Tromsø"]
[Date "11.08.2014"]
[Round "9.40"]
[Board "1"]
[White "Lodhi, Mahmood"]
[Black "Sadorra, Julio Catalino"]
[Result "1/2-1/2"]
[WhiteTitle "IM"]
[BlackTitle "GM"]
[WhiteElo "2335"]
[BlackElo "2590"]
[WhiteTeam "Pakistan"]
[BlackTeam "Philippines"]
[WhiteFideId "7800010"]
[BlackFideId "5201268"]
[EventDate "2014.08.02"]

1. d4 Nf6 2. Nf3 d5 3. c4 e6 4. Nc3 Bb4 5. e3 O-O 6. Bd3 c5 7. O-O Nc6 8. dxc5
Bxc3 9. bxc3 e5 10. Be2 Be6 11. cxd5 Nxd5 12. Qc2 h6 13. Bb5 Qc7 14. Bxc6 Qxc6
15. Ba3 f6 16. c4 Nc7 17. Rfd1 Rfd8 18. Qb3 Qa6 19. Rd6 Rxd6 20. cxd6 Bxc4 21.
Qc3 Nd5 22. Qb2 b5 23. Nd2 Qc6 24. Rc1 Nb6 25. Qc2 Rc8 26. Qg6 Qd5 27. Ne4 Qe6
28. Ng3 Qf7 29. Qg4 Be6 30. Qb4 Rxc1+ 31. Bxc1 Bd7 32. Qa5 Qc4 33. Bd2 Qa4 34.
Qxa4 Nxa4 35. Bb4 f5 36. Ne2 Kf7 37. Nc3 Nb6 38. e4 g6 39. Nd5 Nc4 40. exf5 gxf5
41. Bc5 a6 42. Nb6 Nxb6 43. Bxb6 Ke6 44. Bc5 Kd5 45. Bb4 Kc4 46. Bd2 h5 47. Kf1
b4 48. Ke2 a5 49. Kd1 Kd3 50. g3 Ke4 51. Be3 Kf3 52. h4 Ke4 53. Bb6 a4 54. Bc5
Kf3 55. Kc2 Be6 56. Kb2 Bc8 57. Bb6 Kg4 58. Bd8 Be6 59. Bf6 e4 60. Bg5 Bd7 61.
Be3 Kf3 62. Bb6 Ke2 63. Be3 Kd3 64. a3 b3 65. Bf4 Ke2 66. Be3 Kf3 67. Kc3 Kg4
68. Kb2 Be6 69. Bf4 Kf3 70. Be3 f4 71. gxf4 Bf5 72. Bb6 Kxf4 73. Be3+ 1/2-1/2

[Event "Olimpiade 2014 - Open"]
[Site "Tromsø"]
[Date "11.08.2014"]
[Round "9.40"]
[Board "2"]
[White "Gomez, John Paul"]
[Black "Mirza, Shahzad"]
[Result "1-0"]
[WhiteTitle "GM"]
[BlackTitle "IM"]
[WhiteElo "2526"]
[BlackElo "2268"]
[WhiteTeam "Philippines"]
[BlackTeam "Pakistan"]
[WhiteFideId "5201381"]
[BlackFideId "7800088"]
[EventDate "2014.08.02"]

1. d4 Nf6 2. c4 e6 3. Nc3 Bb4 4. e3 b6 5. Ne2 Bb7 6. a3 Be7 7. Nf4 d6 8. d5 e5
9. Nd3 a5 10. b3 Na6 11. Bb2 O-O 12. Be2 Nd7 13. b4 axb4 14. axb4 f5 15. Qb3 Nf6
16. O-O g5 17. f4 gxf4 18. exf4 e4 19. Ne1 Nb8 20. Rxa8 Bxa8 21. Nc2 c5 22. Ne3
Ne8 23. g4 Ng7 24. gxf5 Bf6 25. Nxe4 Bd4 26. Bxd4 cxd4 27. f6 dxe3 28. fxg7 Rf7
29. Qxe3 Rxg7+ 30. Kh1 b5 31. Rg1 bxc4 32. Rxg7+ Kxg7 33. Qd4+ Kh6 34. Bxc4 Nd7
35. Qe3 Qe7 36. Ng3 Qf6 37. f5+ Qg5 38. Qe6+ Nf6 39. Ne4 Qc1+ 40. Kg2 Qc2+ 41.
Kh3 Qxe4 42. Qxf6+ Kh5 43. Be2+ 1-0

[Event "Olimpiade 2014 - Open"]
[Site "Tromsø"]
[Date "11.08.2014"]
[Round "9.41"]
[Board "1"]
[White "Warner, Delisle"]
[Black "Haddouche, Mohamed"]
[Result "1/2-1/2"]
[WhiteTitle "IM"]
[BlackTitle "GM"]
[WhiteElo "2243"]
[BlackElo "2508"]
[WhiteTeam "Barbados"]
[BlackTeam "Algeria"]
[WhiteFideId "11100109"]
[BlackFideId "7900660"]
[EventDate "2014.08.02"]

1. d4 Nf6 2. Nf3 d6 3. Nc3 c6 4. e4 Qa5 5. Bd3 e5 6. dxe5 dxe5 7. h3 Be7 8. O-O
O-O 9. a3 Rd8 10. Qe2 Nbd7 11. Bd2 Qc7 12. Bc4 b5 13. Ba2 h6 14. Rfd1 Nc5 15.
Be3 Re8 16. Bxc5 Bxc5 17. Nh4 Be6 18. Bxe6 Rxe6 19. Nf5 Bf8 20. Rd3 g6 21. Ne3
Nd7 22. Rad1 Nc5 23. R3d2 Re7 24. Ng4 h5 25. Nf6+ Kg7 26. Qf3 a5 27. Ne2 Kh8 28.
b4 axb4 29. axb4 Ne6 30. Rd7 Qc8 31. Rxe7 Bxe7 32. Nd7 Qe8 33. Nxe5 Kg8 34. Qb3
c5 35. Nxg6 cxb4 36. Nxe7+ Qxe7 37. Qg3+ Qg5 38. Rd5 Qxg3 39. Nxg3 h4 40. Nf5
Ra1+ 41. Kh2 Rc1 42. Ne3 Nc7 43. Rc5 b3 44. Rg5+ Kf8 45. cxb3 b4 46. Nc4 Rc3 47.
Na5 Rc2 48. f3 Ne6 49. Rg4 Nd4 50. Rf4 Ra2 51. e5 Ne6 52. Rxh4 Rxa5 53. Rxb4
Rxe5 54. h4 Kg7 55. g4 Re3 56. Kg3 Rd3 57. Kg2 Nd4 58. f4 Nxb3 59. f5 Nd4 60.
Rb7 Re3 61. h5 Kf6 62. h6 Re8 63. Kg3 Kg5 64. Rxf7 Re3+ 65. Kf2 Rh3 66. Kg2 Rh4
67. Kf2 Kxg4 68. h7 Nxf5 69. Ra7 Kg5 70. Kf3 Kg6 71. Rb7 Ng7 72. Kg3 Rxh7 73.
Kg4 Rh1 74. Rb6+ Kf7 75. Rb3 Ne6 76. Rf3+ Kg6 77. Ra3 Rg1+ 78. Kf3 Ng5+ 79. Kf4
Re1 80. Ra6+ Ne6+ 81. Kf3 Kf6 82. Ra2 Nd4+ 83. Kf2 Re5 84. Ra4 Re2+ 85. Kg3 Ke5
86. Ra8 Re3+ 87. Kg4 Re1 88. Re8+ Ne6 89. Kf3 Kf5 90. Ra8 Nd4+ 91. Kg3 Re3+ 92.
Kf2 Re7 93. Ra5+ Kf4 94. Ra2 Ke4 95. Ra4 Rg7 96. Ra8 Rf7+ 97. Kg2 Rb7 98. Re8+
Kf4 99. Rf8+ Nf5 100. Kf2 Rb2+ 101. Ke1 Ra2 102. Kd1 Ke4 103. Re8+ Kd3 104. Rd8+
Nd4 105. Ke1 Rb2 106. Kf1 Rd2 107. Ke1 Re2+ 108. Kf1 Re7 109. Kf2 Ke4 110. Ra8
Kf4 111. Rf8+ Ke4 112. Ra8 Rf7+ 113. Kg2 Rf6 114. Ra4 Rb6 115. Ra8 Rb2+ 116. Kf1
Rc2 117. Re8+ Kd3 118. Rd8 Ra2 119. Rd7 Ra8 120. Rf7 Nc6 121. Rd7+ Ke4 122. Rc7 1/2-1/2

[Event "Olimpiade 2014 - Open"]
[Site "Tromsø"]
[Date "11.08.2014"]
[Round "9.41"]
[Board "2"]
[White "Belouadah, Saad"]
[Black "Husbands, Orlando"]
[Result "1/2-1/2"]
[WhiteTitle "IM"]
[BlackTitle "FM"]
[WhiteElo "2320"]
[BlackElo "2118"]
[WhiteTeam "Algeria"]
[BlackTeam "Barbados"]
[WhiteFideId "7900856"]
[BlackFideId "11101644"]
[EventDate "2014.08.02"]

1. d4 Nf6 2. Nf3 e6 3. g3 b6 4. Bg2 Bb7 5. O-O Be7 6. c4 O-O 7. Nc3 Ne4 8. Qd3
Nxc3 9. bxc3 f5 10. d5 Na6 11. Rd1 Bf6 12. Bf4 Qe8 13. Qe3 exd5 14. cxd5 Qxe3
15. fxe3 d6 16. Rac1 Nc5 17. h4 g6 18. Nd4 Kg7 19. c4 a5 20. h5 Rad8 21. Nf3 Ne4
22. Bh3 Bc8 23. Nd4 g5 24. Bxf5 Bxf5 25. Nxf5+ Kh8 26. g4 gxf4 27. exf4 Rg8 28.
Nh6 Rg7 29. Kg2 Re8 30. Kf3 Nc3 31. Rd2 Rge7 32. g5 Bg7 33. Nf5 Rxe2 34. h6 Bxh6
35. Rxe2 Nxe2 36. Rc2 Ng1+ 37. Kg2 Re2+ 38. Rxe2 Nxe2 39. Kf3 Nc3 40. gxh6 Kg8
41. a3 Nb1 42. Ke4 Nxa3 43. Kd3 b5 44. cxb5 Nxb5 45. Kc4 Na7 46. Nd4 Kf7 47. Ne6
c5 48. f5 Kf6 49. Ng7 a4 50. Ne8+ Ke7 51. Nc7 Nc8 52. Kc3 Kf6 53. Ne6 Ne7 54.
Nf8 Nxd5+ 55. Kb2 Kxf5 56. Nxh7 Kg6 57. Ng5 Nf6 58. h7 Nxh7 59. Ne4 Kf5 60.
Nxd6+ Ke5 61. Nb5 Ng5 62. Nc3 Kd4 63. Nxa4 c4 64. Kc2 Nf3 65. Nc3 Ne1+ 66. Kd2
Nf3+ 67. Kc2 Kc5 68. Na4+ Kb4 69. Nb6 Nd4+ 70. Kd1 1/2-1/2